|
|
|
|
| LEADER |
00000nam0a2200000 4500 |
| 001 |
287786 |
| 005 |
20231102000026.0 |
| 035 |
|
|
|a (RuTPU)RU\TPU\book\312216
|
| 090 |
|
|
|a 287786
|
| 100 |
|
|
|a 20150319d1984 m y0rusy5003 ca
|
| 101 |
0 |
|
|a rus
|
| 102 |
|
|
|a RU
|
| 105 |
|
|
|a a j 001zy
|
| 200 |
1 |
|
|a Модели дискретного производства в управлении с применением пакетов прикладных программ ИСУП
|e учебное пособие по спецкурсу
|f Э. Д. Каданэр
|g Пермский государственный университет (ПГУ)
|
| 210 |
|
|
|a Пермь
|c [Б. и.]
|d 1984
|
| 215 |
|
|
|a 88 с.
|c ил.
|
| 320 |
|
|
|a Библиогр.: с. 86-87
|
| 606 |
1 |
|
|a Автоматизированные системы планирования и управления предприятием
|x Информационное обеспечение
|2 stltpush
|3 (RuTPU)RU\TPU\subj\665
|9 29499
|
| 610 |
1 |
|
|a математическое обеспечение
|
| 610 |
1 |
|
|a дискретное производство
|
| 610 |
1 |
|
|a системы управления
|
| 610 |
1 |
|
|a синтез
|
| 610 |
1 |
|
|a позаказный метод
|
| 610 |
1 |
|
|a запасы
|
| 610 |
1 |
|
|a внутрицеховое управление
|
| 610 |
1 |
|
|a учебные пособия
|
| 675 |
|
|
|a 658.012.011.56:681.3(075.8)
|z rus
|v 3
|
| 700 |
|
1 |
|a Каданэр
|b Э. Д.
|g Эдуард Дмитриевич
|4 070
|
| 712 |
0 |
2 |
|a Пермский государственный университет (ПГУ)
|2 stltpush
|3 (RuTPU)RU\TPU\col\189
|
| 801 |
|
0 |
|a RU
|b RuMRKP
|c 19950704
|g psbo
|
| 801 |
|
1 |
|a RU
|b 63413507
|c 20150319
|
| 801 |
|
2 |
|a RU
|b 63413507
|c 20180222
|g RCR
|
| 942 |
|
|
|c BK
|